01018nam a22002777a 4500003000500000005001700005008004100022010001000063011001000073035001100083040000900094100003700103245015700140260004000297300004400337502007700381530003600458650003600494650002500530650001900555650003700574650002500611650002400636856006400660856001600724CHAP20250515062729.0080930s2008 mx r 00010 spa d a95189 a96161 a106807 cCHAP1 aBornios Bernal, Francisco Javier10aCaracterísticas edáficas, rendimiento y costos de producción de maíz y frijol en tres sistemas de labranzac/por Francisco Javier Bornios Bernal aChapingo, Méx. :bEl autor,c2008 axix, 161 h. :bilus., gráfs., cuadros aTesis (Ing. Agr. Esp. en Fitotecnia) -- UACH. Departamento de Fitotecnia aTambién disponible en línea14aFrijolxCostos de producción.14aFrijolxRendimiento.14aLabranza cero.17aMaízxCostos de producción214aMaízxRendimiento.14aSuelosxFertilidad. 3Finding aiduhttp://10.13.5.2/tesis/106807.pdfzTeclea aqui a1 n0001012